000 005180000a22001570004500
090 _aAR
_b01087
245 1 0 _aAlgunos problemas importantes en el estudio de las interacciones planta-herbívoro en los bosques tropicales
650 1 4 _aRelación planta-animal
_992861
650 1 4 _aHerbivoría
_993852
650 1 4 _aEvolución
_992797
041 0 _aEspañol
700 1 _aChapin, F. Stuart
_994312
100 1 _aDirzo, Rodolfo
_920484
942 _cARTICULO
773 1 _tRevista de Biología Tropical
_3129
_q207-211
_d1988?
999 _c10174
_d10174